000 00772nam a2200217Ia 4500
008 220216s9999 xx 000 0 und d
100 _aVenkatachalam P
245 0 _aIdentification of a DNA marker associated with dwarf trait in Hevea brasiliensis (Muell.) Arg. through random amplified polymorphic DNA analysis
260 _bBiotechnology and Rubber Tree : Proceedings of IRRDB Symposium 25-28 September 2001. CIRAD-CP/Rubber Programme, Montpellier, France
650 _aDNA markers
650 _aDwarf variant
650 _aHevea brasiliensis
650 _aHybrid progenies
650 _aRAPD analysis
650 _aRubber tree
700 _aPriya P
700 _aSailasree R
700 _aSaraswathyamma C K
700 _aThulaseedharan A
942 _cJS
999 _c60603
_d60603